Conseils de fiction - Statistiques

Statistiques générales
  • Ce quiz a été pris 24 fois
  • Le résultat moyen est 7 sur 15
Statistiques - réponses
Conseil Univers % Correct
Ministère de la Magie Harry Potter
100%
Haut Conseil Jedi Star Wars
96%
Conseil de Konoha Naruto
91%
Conseil d'Elrond Le Seigneur des Anneaux
87%
Conseil des 5 Doyens One Piece
61%
Conseil restreint des 7 Couronnes Game of Thrones
57%
Conseil Magique (Fiore) Fairy Tail
43%
Conseil 4 Pokémon
35%
Espada Bleach
30%
Conclave des Mages The Witcher
26%
Conseil des 12 Zodiaques Hunter X Hunter
17%
Cercle des Fluides Galactik Football
13%
Conseil des Sabots Fendus Percy Jackson
13%
Tailleurs de pierre Les Simpson
9%
Conseil des Royaumes Unis Les Légendaires
0%
Aucun quiz correspondant
Distribution des résultats
% des personnes avec chaque résultat
Percentile par nombre de réponses
Votre historique - résultats
Vous n’avez pas pris ce quiz